Tiempo de imprimación óptimo en ensayos de laboratorio para bases estabilizadas con cemento portland
Shranjeno v:
| Glavni avtor: | |
|---|---|
| Format: | Neznan |
| Izdano: |
[San José, Costa Rica]
1981
|
| Teme: | |
| Oznake: |
Označite
Brez oznak, prvi označite!
|
MARC
| LEADER | 00000 a2200000 4500 | ||
|---|---|---|---|
| 003 | 001347 | ||
| 005 | 20221231143743.0 | ||
| 008 | 140114s1981 c a m 000 ||s d | ||
| 040 | |c cru CEDI | ||
| 090 | |a TFG 1033 | ||
| 100 | |a López Monge, Juan José |9 15890 | ||
| 245 | |a Tiempo de imprimación óptimo en ensayos de laboratorio para bases estabilizadas con cemento portland | ||
| 260 | |c 1981 |a [San José, Costa Rica] | ||
| 300 | |a 229 páginas ; 28 cm | ||
| 500 | |a Proyecto de graduación (ingeniero civil)--Universidad de Costa Rica. | ||
| 650 | |x CEMENTO PORTLAND |9 15891 | ||
| 942 | |c TFG | ||
| 999 | |c 11293 |d 11293 | ||
